Missing Word: Big 4 Teams A-Z II Quiz Stats

 Plays Quiz Updated Nov 29, 2016

Support Sporcle.
Go Orange.
Score 0/18 Timer 03:00
2 Plays Today
Hint Answer % Correct
New England _____Patriots
94.8%
Dallas _____Cowboys
94.7%
Los Angeles _____Lakers
93.7%
San Francisco _____Giants
92.1%
Las Vegas _____Raiders
91.2%
Houston _____Astros
90.7%
New Orleans _____Saints
90.3%
Atlanta _____Braves
89.8%
Detroit _____Tigers
88.8%
Hint Answer % Correct
Denver _____Nuggets
88.1%
Charlotte _____Hornets
87.2%
Anaheim _____Ducks
87%
Edmonton _____Oilers
86.2%
Philadelphia _____Flyers
86%
Winnipeg _____Jets
84.4%
Washington _____Wizards
81.3%
Miami _____Marlins
80.5%
New York _____Islanders
79.7%

Today's Daily Dose

You're not logged in!

Compare scores with friends on all Sporcle quizzes.
OR
Log In

From the Vault

Word Ladder 3D: Staircase

by gazzso

Hopefully your staircases are in 3 dimensions, because you'd have problems going through your house in only 2 dimensions.
Remove Ads.
Support Sporcle.
Get the best of Sporcle when you Go Orange. This ad-free experience offers more features, more stats, and more fun while also helping to support Sporcle. Thank you for becoming a member.

Show Comments

Extras

Top Quizzes Today


Score Distribution

Your Account Isn't Verified!

In order to create a playlist on Sporcle, you need to verify the email address you used during registration. Go to your Sporcle Settings to finish the process.

Report this User

Report this user for behavior that violates our Community Guidelines.

Details: